Cities in Canada - Sudden Death - Statistics

General Stats
  • This quiz has been taken 111 times
    92 since last reset
  • The average score is 15 of 32
Answers on the Grid
Answers color-coded by a green-red scale on the quiz's grid according to % correct below.
Kamloops
Charlottetown
Fairbanks
Elizabethtown
Goose Bay
Milwaukee
Victoria
Anzac
Watson Lake
Montreal
Sudbury
Pond Inlet
Red Deer
Dryden
Frankenlake
St. John's
Toronto
Rochester
Iqaluit
Calgary
Moose Jaw
Vancouver
Whitehorse
Mississauga
Rottenegg
Bear's Beak
Brazilian Mule
Yellowknife
Kodiak
Joutel
Halifax
Boise
Pickle Lake
Ottawa
Dawson Creek
Hilo
Quebec City
Butlerton
Rabbit's Hide
London
Furtown
Edmonton
Regina
Unalaska
Kelowna
Hamilton
The Fortress
Duluth
Saskatoon
Quebecville
 
Answer Stats
Answer % Correct
Toronto
79%
Montreal
74%
Ottawa
70%
Vancouver
68%
Calgary
66%
Halifax
62%
Quebec City
62%
Edmonton
60%
Saskatoon
60%
Victoria
57%
Yellowknife
57%
St. John's
55%
Hamilton
53%
Whitehorse
49%
Charlottetown
47%
London
47%
Regina
47%
Mississauga
45%
Goose Bay
43%
Iqaluit
43%
Kamloops
43%
Red Deer
43%
Moose Jaw
42%
Sudbury
40%
Dawson Creek
34%
Kelowna
34%
Watson Lake
23%
Pickle Lake
21%
Dryden
19%
Pond Inlet
15%
Anzac
9%
Joutel
8%
No matching quizzes found
Score Distribution
Percent of People with Each Score
Percentile by Number Answered
Your Score History
You have not taken this quiz since the last reset